000
00250nam a22001097a 4500
999
_c
260984
_d
260983
020
_a
059088025-x
100
_a
Susan Clymer
245
_a
There's a Tarantula in my homework
260
_a
New York
_b
Scholastic
_c
1996
300
_a
91 pgs
942
_c
BK